Las bienaventuranzas

Enregistré dans:
Détails bibliographiques
Auteur principal: Medina Estévez, Jorge (autor)
Format: Livre
Langue:espagnol
Publié: Santiago Paulinas 1991
Collection:Colección Buena Nueva, 7
Sujets:
Tags: Ajouter un tag
Pas de tags, Soyez le premier à ajouter un tag!

MARC

LEADER 00000nam a2200000 a 4500
001 UCX6414
003 CL-VaPUC
008 930607e19910000CL |||||||||||||||||spa|d
082 0 4 |a 226.93  |b MED  |2 21 
100 |a Medina Estévez, Jorge  |e autor  |9 342953 
245 1 4 |a Las bienaventuranzas 
300 |a 136 p 
942 |c BK 
945 |d 19930607 00:00:00 
260 |a Santiago  |b Paulinas  |c 1991 
650 0 |a Bienaventuranzas  |9 322890 
583 |a last modification  |c 19930607 00:00:00  |k Rodrigo Vera 
490 0 |a Colección Buena Nueva, 7 
999 |c 226437  |d 226435 
952 |0 0  |1 0  |4 0  |6 226_930000000000000_MED_1991  |7 0  |8 A  |9 224775  |a BIBTEO  |b BIBTEO  |d 2019-11-15  |i 2935198  |o 226.93 MED 1991  |p 2935198  |r 2025-01-17  |w 2019-11-15  |y BK  |k ICR